Central Library OPAC University of Rajshahi

Biology and Stock Assessment of the Threatened Fish Puntius Ticto (HAMILTON,1822) (CYPRINIDAE) in the Gorai River, Southwestern Bangladesh / (Record no. 81501)

MARC details
000 -LEADER
fixed length control field 01041nam a2200253 a 4500
001 - CONTROL NUMBER
RUCL Control Number 81501
003 - CONTROL NUMBER IDENTIFIER
rucl marc code BD-RjUL
005 - DATE AND TIME OF LATEST TRANSACTION
control field 20231213104224.0
008 - FIXED-LENGTH DATA ELEMENTS--GENERAL INFORMATION
fixed length control field 230601s2016 bg a|||| m||| 00| 0 eng d
035 ## - SYSTEM CONTROL NUMBER
system control number (BD-RjUL)81501
040 ## - CATALOGING SOURCE
Original cataloging agency BD-RjUL
Language of cataloging eng
Transcribing agency BD-RjUL
Modifying agency BD-RjUL
041 ## - LANGUAGE CODE
Language code of Book eng
082 ## - DEWEY DECIMAL CLASSIFICATION NUMBER
DDC Edition number 23
Classification number 639.25492
Author mark and Year ISB 2016
100 ## - MAIN ENTRY--PERSONAL NAME
Personal name Islam, Md. Shafiqul
9 (RLIN) 7829
245 10 - TITLE STATEMENT
Title Biology and Stock Assessment of the Threatened Fish Puntius Ticto (HAMILTON,1822) (CYPRINIDAE) in the Gorai River, Southwestern Bangladesh /
Statement of responsibility, etc Md. Shafiqul Islam
Name of Supervisor/Co-Supervisor Supervisor : Saleha jasmine
246 ## - VARYING FORM OF TITLE
Title proper/short title (Presently it is named as Pethia ticto)
260 ## - PUBLICATION, DISTRIBUTION, ETC. (IMPRINT)
Place of publication, distribution, etc Rajshahi :
Name of publisher, distributor, etc Department of Fisheries, University of Rajshahi,
Date of publication, distribution, etc 2016.
300 ## - PHYSICAL DESCRIPTION
Pagination 15, ii, 125 leaves :
Other physical details ill.;
Dimensions 29 cm.
502 ## - DISSERTATION NOTE
Dissertation note Thesis (Ph. D.) -- Department of Fisheries, University of Rajshahi,2016
504 ## - BIBLIOGRAPHY, ETC. NOTE
Bibliography, etc References : Leaves 106-125
650 ## - SUBJECT ADDED ENTRY--TOPICAL TERM
Topical term or geographic name as entry element Commercial fishing
Geographic subdivision Bangladesh
9 (RLIN) 7830
700 ## - ADDED ENTRY--SUPERVISOR/CO-SUPERVISOR NAME
Personal name jasmine, Saleha, Supervisor :
9 (RLIN) 7831
942 ## - ADDED ENTRY ELEMENTS (KOHA)
Source of classification or shelving scheme Dewey Decimal Classification
Koha item type Theses
Holdings
Source of classification or shelving scheme Damaged status Not for loan Collection code Permanent Location Current Location Shelving location Date of accession Source of acquisition Total Checkouts Full call number Barcode Date last seen Copy number Thesis
Dewey Decimal Classification   Not For Loan Theses Central Library, University of Rajshahi Central Library, University of Rajshahi Documentation Section 20/09/2017 Controller of Exam. R.U.   THE 639.25492 ISB 2016 D4069 01/06/2023 C-1 Theses